Devinez le club de Foot avec son ancien logo - Statistiques

Statistiques générales
  • Ce quiz a été pris 269 fois
  • Le résultat moyen est 11 sur 24
Statistiques - réponses
Par images Réponse % Correct
Manchester City
88%
Fiorentina
86%
Hambourg SV
78%
Juventus
76%
Bayer Leverkusen
75%
Union Berlin
72%
Valenciennes FC
72%
Paris SG
66%
Dynamo Kiev
64%
RC Strasbourg
56%
Toulouse FC
54%
Girondins de Bordeaux
53%
Ajax Amsterdam
46%
Aston Villa
46%
Real Madrid
44%
AC Milan
28%
Atalanta Bergame
28%
Arsenal
22%
Inter Miami
20%
Al Hilal
17%
Sporting CP
13%
Al Nassr
11%
Bilbao
3%
Villarreal CF
2%
Aucun quiz correspondant
Distribution des résultats
% des personnes avec chaque résultat
Percentile par nombre de réponses
Votre historique - résultats
Vous n’avez pas pris ce quiz